01441nab a22002657a 450000500170000000800410001704000250005804100080008304400070009110000340009824501690013224600870030126000840038830000480047250400570052052002390057765000400081665000250085665000480088170000270092970000370095670000280099370000310102177301230105220150724083422.0150723b2015 ck ||||r|||| 00| 0 spa d aCO-BoIAVHcCO-BoIAVH aspa ack1 aContreras Lozano, Karen Paola13aEl Nopal (Opuntia ficus-indica) como coagulante natural complementario en la clarificación de aguacKaren Paola Contreras Lozano, Yelitza Aguas Mendoza...[et.al.] aNopal (Opuntia ficus-indica) as a complementary natural coagulant to clarify water3 aCaldas, Antioquía (Colombia):bCorporación Universitaria Lasallista,c2015. aAño 2015, Nro 1, Enero-Junio, Pag. 40-50. aIncluye referencias bibliográficas (Pág. 49-50). aLa clarificación es un proceso preliminar en la potabilización del agua, que consiste en la aplicación de un coagulante que agrupe las partículas en suspensión haciéndolas flocular , para luego separarlas por filtración. 6aOpuntia ficus indicaxCoagulación 6aNopalxCoagulación 4aContaminación del aguaxControlzColombia1 aAguas Mendoza, Yelitza1 aSalcedo Mendoza, Jairo Guadalupe1 aOliverio Verbel, Rafael1 aMendoza Ortega, Gean Pablo0 dCaldas (Antioquia) : Corporación Universitaria Lasallista, 2006- .o042058tProducción más limpia / x19090455